Best-selling beers in Europe - Statistics

General Stats
  • This quiz has been taken 909 times
  • The average score is 6 of 32
Answer Stats
Country Beer % Correct
Netherlands Heineken
79%
Denmark Carlsberg
65%
Belgium Stella Artois
58%
Ireland Guinness
51%
Italy Peroni
51%
Czech Republic Pilsner Urquell
34%
United Kingdom Carling
33%
Spain San Miguel
33%
Germany Becks
29%
Greece Mythos
28%
France Kronenbourg
22%
Poland Tyskie
22%
Russia Baltika
15%
Portugal Sagres
13%
Austria Stiegl
9%
Croatia Karlovacko
7%
Finland Karhu
6%
Serbia Jelen
5%
Slovenia Lasko
5%
Slovakia Zlaty Bazant
4%
Turkey Efes Pilsen
3%
Sweden Falcon
3%
Norway Ringnes
3%
Macedonia Skopsko
3%
Romania Ursus
3%
Hungary Borsodi
2%
Iceland Viking
2%
Ukraine Chernigivske
1%
Luxembourg Diekirch
1%
Switzerland Feldschlosschen
1%
Estonia Viru
1%
Bulgaria Zagorka
1%
No matching quizzes found
Score Distribution
Percent of People with Each Score
Percentile by Number Answered
Your Score History
You have not taken this quiz